මිනිස් යන්ත්රය (Record no. 11857)
[ view plain ]
| 000 -LEADER | |
|---|---|
| fixed length control field | 00541nam a2200169Ia 4500 |
| 008 - FIXED-LENGTH DATA ELEMENTS--GENERAL INFORMATION | |
| fixed length control field | 180921t2019 xxu||||| |||| 00| 0 sin d |
| 041 ## - LANGUAGE CODE | |
| Language code of text/sound track or separate title | Sinhala; Sinhalese |
| 080 ## - UNIVERSAL DECIMAL CLASSIFICATION NUMBER | |
| Universal Decimal Classification number | 8-31 |
| Item number | චින්න |
| 942 ## - ADDED ENTRY ELEMENTS (KOHA) | |
| Koha item type | Books |
| 003 - CONTROL NUMBER IDENTIFIER | |
| control field | LK-CoDNM |
| 040 ## - CATALOGING SOURCE | |
| Original cataloging agency | LK-CoDNM |
| Modifying agency | LK-CoDNM |
| Description conventions | LK-CoDNM |
| 100 ## - MAIN ENTRY--PERSONAL NAME | |
| Personal name | චින්නප්පභාරතී, කේ |
| 700 ## - ADDED ENTRY--PERSONAL NAME | |
| Personal name | උපාලි ලීලාරත්න |
| Relator term | පරිවර්තක |
| 245 ## - TITLE STATEMENT | |
| Title | මිනිස් යන්ත්රය |
| 260 ## - PUBLICATION, DISTRIBUTION, ETC. (IMPRINT) | |
| Name of publisher, distributor, etc. | ගොඩගේ |
| Place of publication, distribution, etc. | කොළඹ |
| Date of publication, distribution, etc. | 2019 |
| 300 ## - PHYSICAL DESCRIPTION | |
| Extent | සෙ.මි.21, පි.112 |
| Withdrawn status | Lost status | Damaged status | Not for loan | Collection code | Permanent Location | Current Location | Date acquired | Full call number | Barcode | Koha item type |
|---|---|---|---|---|---|---|---|---|---|---|
| Translation | Library National Museum Colombo - Sri Lanka | Library National Museum Colombo - Sri Lanka | 2022-11-10 | 8-31 චින්න | 171641 | Books |


